000
00284nam a2200109Ia 4500
008
200302s9999 xx 000 0 und d
100
_a
A. Ravindra
245
_a
Urban Land Policy A Metropolitan Perspective
260
_b
Concept Publishing Co. Ltd.
260
_c
1996
300
_a
197 P.,
999
_c
5543
_d
5543